00850nam a2200193Ia 4500100002900000250000600029942000700035366000900042654001400051245004500065260002700110082000800137300000800145546001200153999001700165952015800182952015800340952015800498 aAskeland/D.R/ Phule/P.P  a5 cBK f17.5 amaterials aThe science and Engineering of Materials bCengage Learningc2006 bASK a863 aENGLISH c28547d28547 001040708CRCaCRCEbCRCEd2023-03-17eEducational books and periodicalsg433.13i290 dt 24/06/2009l0o ASKp19733r2023-03-17v525.00w0000-00-00yBK 001040708CRCaCRCEbCRCEd2023-03-17eEducational books and periodicalsg433.13i290 dt 24/06/2009l0o ASKp19734r2023-03-17v525.00w0000-00-00yBK 001040708CRCaCRCEbCRCEd2023-03-17eEducational books and periodicalsg433.13i290 dt 24/06/2009l0o ASKp19735r2023-03-17v525.00w0000-00-00yBK